Science Quiz

Random Science or Anatomy Quiz

Bony Triplets Quiz Stats

 Plays Quiz Updated Dec 2, 2018

Support Sporcle.
Go Orange.
Score 0/6 Timer 01:00
1 Play Today
% Correct
Femur
94.2%
Humerus
81.5%
Fibula
75.4%
Hyoid
47.2%
Frontal
34%
Hamate
28.6%

From the Vault

Pan-American Graph Puzzle

by Alcas

This quiz is more than just a flash in the pan.
Remove Ads.
Support Sporcle.
Get the best of Sporcle when you Go Orange. This ad-free experience offers more features, more stats, and more fun while also helping to support Sporcle. Thank you for becoming a member.

Show Comments

Extras

Top Quizzes Today


Score Distribution

Your Account Isn't Verified!

In order to create a playlist on Sporcle, you need to verify the email address you used during registration. Go to your Sporcle Settings to finish the process.

Report this User

Report this user for behavior that violates our Community Guidelines.

Details: